La balada del perro muerto : (Record no. 171707)

MARC details
000 -LEADER
campo de control de longitud fija 00683nam a22001935i 4500
001 - NÚMERO DE CONTROL
campo de control 171707
003 - IDENTIFICADOR DE NÚMERO DE CONTROL
campo de control ES-MaACL
005 - FECHA Y HORA DE LA ÚLTIMA TRANSACCIÓN
campo de control 20230906214714.0
008 - DATOS DE LONGITUD FIJA--INFORMACIÓN GENERAL
campo de control de longitud fija 090526s1961 sp |||| | spa d
080 ## - NÚMERO DE LA CLASIFICACIÓN DECIMAL UNIVERSAL
Número de la Clasificación Decimal Universal 821.134.2-32"19"
100 1# - ENTRADA PRINCIPAL--NOMBRE DE PERSONA
Nombre de persona Soler y Cajal, Agustín.
9 (RLIN) 140351
245 13 - MENCIÓN DEL TÍTULO
Título La balada del perro muerto :
Resto del título (historias sin importancia) /
Mención de responsabilidad, etc. Agustín Soler y Cajal.
260 ## - PUBLICACIÓN, DISTRIBUCIÓN, ETC.
Lugar de publicación, distribución, etc. Zaragoza :
Nombre del editor, distribuidor, etc. [s.n.],
Fecha de publicación, distribución, etc. 1961 (
Fabricante Gráf. La Editorial)
300 ## - DESCRIPCIÓN FÍSICA
Extensión 165 p., 12 h. de lám. ;
Dimensiones 22 cm.
490 1# - MENCIÓN DE SERIE
Mención de serie Coso aragonés del ingenio ;
Designación de volumen o secuencia 16. Alcorce ;
-- 6
830 1# - PUNTO DE ACCESO ADICIONAL DE SERIE-TÍTULO UNIFORME
Título uniforme Coso aragonés del ingenio ;
Designación de volumen o secuencia 16. Alcorce ;
-- 6
9 (RLIN) 223202
852 ## - LOCALIZACIÓN
Ubicación ES-MaACL
Número de control de estantería C-20665
Holdings
Estatus retirado Estado de pérdida Estado de daño No para préstamo Biblioteca de origen Biblioteca actual Ubicación en estantería Fecha de adquisición Fuente de adquisición Total de préstamos Signatura topográfica completa Código de barras Visto por última vez Precio de reemplazo Tipo de ítem Koha
        Biblioteca del Ateneo de Madrid Biblioteca del Ateneo de Madrid Galería 26/05/2009     C-20665 1180192 23/02/2023 23/02/2023 Libro impreso